| 000 | 00649nam a2200133Ia 4500 | ||
|---|---|---|---|
| 008 | 220615s9999||||xx |||||||||||||| ||und|| | ||
| 022 | _a1868-4238 / 1868-422X | ||
| 100 | _aStefano Zacchiroli||Federico Balaguer||Roberto Di Cosmo||Fabio Kon||Gregorio Robles||Alejandra Garrido | ||
| 245 | 0 | _aOpen Source Systems: Towards Robust Practices 13th IFIP WG 2.13 International Conference, OSS 2017, Buenos Aires, Argentina, May 22-23, 2017, Proceedings | |
| 546 | _aEnglish[eng] | ||
| 650 | _aopen access||Linux||open source software||collaboration||information systems | ||
| 856 | _uhttps://link.springer.com/book/10.1007/978-3-319-57735-7 | ||
| 942 | _cEB | ||
| 999 |
_c18826 _d18826 |
||